000
00227nam a2200097Ia 4500
001
646946
005
20250826153652.0
008
250824s9999 xx 000 0 und d
245
0
_a
OLDUĞUN YERDE KAL
_c
JOHN BOYNE
260
_b
TUDEM
999
_c
646946
_d
646946